Resumen de la historia de Chile

Salvato in:
Dettagli Bibliografici
Autori principali: Encina, Francisco Antonio (Autore), Castedo, Leopoldo (Autore)
Natura: Libro
Lingua:spagnolo
Pubblicazione: Santiago Zig-Zag 1956
Edizione:2a. ed
Soggetti:
Tags: Aggiungi Tag
Nessun Tag, puoi essere il primo ad aggiungerne!!

MARC

LEADER 00000nam a2200000 a 4500
001 UCY9916
003 CL-VaPUC
008 950724e19560000CL |||||||||||||||||spa|d
082 0 4 |a 983  |b ENC  |2 21 
100 |a Encina, Francisco Antonio  |e author  |9 515542 
700 0 |a Castedo, Leopoldo  |e author  |9 342469 
245 1 0 |a Resumen de la historia de Chile 
250 |a 2a. ed 
300 |a v 
942 |c BK 
945 |d 19950724 00:00:00  |a mfernand 
260 |a Santiago  |b Zig-Zag  |c 1956 
650 0 |a Historia  |9 255047 
651 7 |a CHILE  |2 CL-VaPUC  |9 342470 
583 |a last modification  |c 19950724 00:00:00  |k Rodrigo Vera 
999 |c 236903  |d 236901 
952 |0 0  |1 0  |4 0  |6 983_000000000000000_ENC_1956  |7 0  |8 X  |9 245299  |a BIBEDU  |b BIBEDU  |d 2019-11-18  |h v.1  |i 1539310  |o 983 ENC 1956  |p 1539310  |r 2023-01-13  |w 2019-11-18  |y BK_X  |k EDU 
952 |0 0  |1 0  |4 0  |6 983_000000000000000_ENC_1956  |7 0  |8 X  |9 245300  |a BIBEDU  |b BIBEDU  |d 2019-11-18  |h v.2  |i 1539329  |o 983 ENC 1956  |p 1539329  |r 2023-01-13  |w 2019-11-18  |y BK_X  |k EDU 
952 |0 0  |1 0  |4 0  |6 983_000000000000000_ENC_1956  |7 0  |8 X  |9 245301  |a BIBEDU  |b BIBEDU  |d 2019-11-18  |h v.3  |i 1539337  |o 983 ENC 1956  |p 1539337  |r 2023-01-13  |w 2019-11-18  |y BK_X  |k EDU 
952 |0 0  |1 0  |4 0  |6 983_000000000000000_ENC_1956  |7 0  |8 A  |9 245302  |a BIBHIS  |b BIBHIS  |d 2019-11-18  |h v.2  |i 125359K  |o 983 ENC 1956  |p 125359K  |r 2025-01-20  |w 2019-11-18  |y BK  |k HIS 
952 |0 0  |1 0  |4 0  |6 983_000000000000000_ENC_1956  |7 0  |8 A  |9 245303  |a BIBHIS  |b BIBHIS  |d 2019-11-18  |h v.3  |i 1253603  |o 983 ENC 1956  |p 1253603  |r 2025-01-20  |w 2019-11-18  |y BK  |k HIS